| 000 | 01158naa a2200229 i 4500 | ||
|---|---|---|---|
| 001 | 170516 | ||
| 003 | ES-MaACL | ||
| 005 | 20250818054852.0 | ||
| 008 | 090311s1905 sp 000 p spa d | ||
| 080 | _a821.134.2 Cervantes Saavedra, Miguel de 7 Quijote.07 | ||
| 100 | 1 |
_aDarío, Rubén, _d1867-1916 _942720 _eaut |
|
| 245 | 1 | 0 |
_aLetanías de Nuestro Señor Don Quijote : _b[poesía] / _cpor Rubén Darío. |
| 600 | 1 | 4 |
_aCervantes Saavedra, Miguel de, _d1547-1616. _tDon Quijote de la Mancha- _vAniversarios y centenarios _937614 |
| 610 | 2 | 4 |
_aAteneo de Madrid- _vObras digitalizadas. _91930 |
| 610 | 2 | 4 |
_aAteneo de Madrid- _vConferencias- _y1900-1939 _91907 |
| 650 | 7 |
_aDon Quijote (Personaje de ficción)- _vPoesías _2 _9149573 |
|
| 773 | 0 |
_tEl Ateneo de Madrid en el III Centenario de la publicación de El ingenioso hidalgo Don Quijote de la Mancha : conferencias. _dMadrid, 1905 (Imp. de Bernardo Rodríguez), _gp. 465-469 _069185 _971761 _w69185 |
|
| 856 | 4 |
_uhttp://www.ateneodemadrid.net/biblioteca_digital/folletos/Folletos-0160.pdf _zVer documento |
|
| 942 |
_cANAM _2udc _n0 |
||
| 999 |
_c170516 _d170516 |
||